000 01488nam a2200397 i 4500
003 EG-GICUC
005 20260423151849.0
008 260423s1938 fr |||f m||| ||| 0 Fre d
040 _aEG-GICUC
_cEG-GICUC
_dEG-GICUC
_erda
_bfre
041 0 _afre
_bfre
_dfre
049 _aDévouement
082 0 4 _221
_a341.46
097 _aDoctorat
099 _aLaw 11 PHD 1938
100 0 _aBeheri Ahmed Fahmi
_eAuteur
245 1 0 _aLa Police De La Navigation Aerienne /
_cPar Ahmed Fahmi Beheri.
264 0 _aLe Caire:
_bUniversité Egyptienne - Faculté de Droit;
_c1938.
300 _a154 Pages;
_c24 CM.
336 _2rda content
_aText
337 _2rda media
_aunmediated
338 _2rda carrier
_avolume
500 _aLettres en un seul exemplaire en français
500 _aFR.
502 _aThèse de Doctorat - Université Egyptienne - Faculté de droit, Département de droit international public - 1938.
504 _aComprend des références bibliographiques
546 _aTexte en français
650 0 4 _aDroit international public
653 0 _a.
655 4 _aThèses universitaires
_zUniversité Egyptienne
_xDépartement de droit international public.
700 0 _a.
_eAnnotateur
710 2 _aUniversité Egyptienne.
_bFaculté de droit
856 _uhttps://fll.law.cu.edu.eg/fulltext/th/T11-02041.pdf
900 _b1938
_UUniversité du Caire
_FFaculté de droit
_DDépartement de droit international public
905 _a64
942 _2ddc
_n0
_cTH
_e21
999 _c73142